000
00297nam a22001337a 4500
008
181219b xxu||||| |||| 00| 0 eng d
020
_a
9780070577091
041
_a
eng
080
_2
3 TH
_a
721
100
_a
44
101
_a
ARK
245
_a
Landscape Architecture
_c
John.O
942
_2
udc
_c
BK
999
_c
53506
_d
53506